[Event "Amateur Tournament (ATO)"]
[Site "https://www.chess.com"]
[Date "2025.07.22"]
[Round "7"]
[White "Ploder, Udo"]
[Black "Hirzel, Robin"]
[Result "1/2-1/2"]
[Board "11"]
[WhiteFideId "4699955"]
[BlackFideId "1342320"]
[WhiteElo "1886"]
[BlackElo "1795"]
[WhiteTeam "GER"]
[BlackTeam "SUI"]
[WhiteClock "0:37:19"]
[BlackClock "0:58:23"]
[Variant "Standard"]

1. e4 {[%clk 1:30:52]}  e6 {[%clk 1:30:56]} 2. d4 {[%clk 1:31:12]}  d5 {[%clk 1:31:23]} 3. e5 {[%clk 1:31:30]}  c5 {[%clk 1:31:49]} 4. c3 {[%clk 1:31:54]}  Qb6 {[%clk 1:32:16]} 5. Nf3 {[%clk 1:32:11]}  Bd7 {[%clk 1:32:40]} 6. Bd3 {[%clk 1:28:43]}  cxd4 {[%clk 1:32:43]} 7. O-O {[%clk 1:28:59]}  Nc6 {[%clk 1:33:02]} 8. Re1 {[%clk 1:29:10]}  Rc8 {[%clk 1:33:20]} 9. a3 {[%clk 1:25:29]}  Nh6 {[%clk 1:28:48]} 10. Qe2 {[%clk 1:24:53]}  Nf5 {[%clk 1:27:27]} 11. g4 {[%clk 1:24:11]}  Nfe7 {[%clk 1:27:49]} 12. Nbd2 {[%clk 1:19:17]}  Ng6 {[%clk 1:25:09]} 13. Nf1 {[%clk 1:17:05]}  dxc3 {[%clk 1:23:20]} 14. bxc3 {[%clk 1:17:12]}  Na5 {[%clk 1:23:25]} 15. h4 {[%clk 1:12:04]}  Nb3 {[%clk 1:17:15]} 16. Be3 {[%clk 1:10:49]}  Bc5 {[%clk 1:16:33]} 17. h5 {[%clk 1:01:15]}  Nxa1 {[%clk 1:12:36]} 18. hxg6 {[%clk 1:01:27]}  hxg6 {[%clk 1:12:35]} 19. Rxa1 {[%clk 1:01:31]}  Bxe3 {[%clk 1:12:59]} 20. Nxe3 {[%clk 0:58:14]}  Rxc3 {[%clk 1:13:14]} 21. Bc2 {[%clk 0:54:10]}  Qc7 {[%clk 1:11:17]} 22. Qd2 {[%clk 0:52:31]}  Ke7 {[%clk 1:06:08]} 23. Qd4 {[%clk 0:49:06]}  Rxc2 {[%clk 1:04:32]} 24. Nxc2 {[%clk 0:49:24]}  Qxc2 {[%clk 1:04:57]} 25. Qb4+ {[%clk 0:49:01]}  Kd8 {[%clk 1:04:28]} 26. Ng5 {[%clk 0:46:43]}  Be8 {[%clk 1:01:45]} 27. Qxb7 {[%clk 0:45:59]}  Qc4 {[%clk 0:59:17]} 28. Qb8+ {[%clk 0:43:18]}  Kd7 {[%clk 0:58:52]} 29. Qxa7+ {[%clk 0:37:19]}  Kc8 {[%clk 0:58:23]} 1/2-1/2

[Event "Amateur Tournament (ATO)"]
[Site "https://www.chess.com"]
[Date "2025.07.22"]
[Round "7"]
[White "Ernst, Heinz"]
[Black "Leuenberger, Urs"]
[Result "1/2-1/2"]
[Board "12"]
[WhiteFideId "1303295"]
[BlackFideId "1310585"]
[WhiteElo "1790"]
[BlackElo "1859"]
[WhiteTeam "SUI"]
[BlackTeam "SUI"]
[WhiteClock "0:10:51"]
[BlackClock "0:09:19"]
[Variant "Standard"]

1. d4 {[%clk 1:30:54]}  Nf6 {[%clk 1:30:40]} 2. c4 {[%clk 1:31:05]}  g6 {[%clk 1:30:53]} 3. Nc3 {[%clk 1:31:09]}  d5 {[%clk 1:31:00]} 4. cxd5 {[%clk 1:31:13]}  Nxd5 {[%clk 1:31:14]} 5. e4 {[%clk 1:31:28]}  Nxc3 {[%clk 1:31:33]} 6. bxc3 {[%clk 1:31:51]}  Bg7 {[%clk 1:31:49]} 7. Bc4 {[%clk 1:31:05]}  O-O {[%clk 1:31:09]} 8. Ne2 {[%clk 1:30:53]}  e6 {[%clk 1:29:54]} 9. O-O {[%clk 1:30:21]}  c5 {[%clk 1:28:17]} 10. Be3 {[%clk 1:29:45]}  cxd4 {[%clk 1:27:43]} 11. cxd4 {[%clk 1:29:39]}  Nc6 {[%clk 1:27:41]} 12. Qd2 {[%clk 1:29:02]}  Na5 {[%clk 1:27:03]} 13. Bd3 {[%clk 1:27:03]}  b6 {[%clk 1:26:15]} 14. Rac1 {[%clk 1:23:35]}  Bb7 {[%clk 1:25:54]} 15. Bh6 {[%clk 1:19:58]}  Qd7 {[%clk 1:19:14]} 16. Bxg7 {[%clk 1:18:51]}  Kxg7 {[%clk 1:19:32]} 17. Rc3 {[%clk 1:11:42]}  Rac8 {[%clk 1:17:39]} 18. Rfc1 {[%clk 1:11:44]}  Rxc3 {[%clk 1:17:53]} 19. Rxc3 {[%clk 1:11:44]}  Rc8 {[%clk 1:18:04]} 20. f3 {[%clk 1:08:47]}  Nc6 {[%clk 1:11:16]} 21. Bb5 {[%clk 1:05:18]}  a6 {[%clk 1:09:13]} 22. Bxc6 {[%clk 1:00:50]}  Rxc6 {[%clk 1:08:57]} 23. Qc2 {[%clk 0:59:00]}  a5 {[%clk 1:04:29]} 24. a3 {[%clk 0:57:49]}  Qd6 {[%clk 1:00:33]} 25. Rxc6 {[%clk 0:57:12]}  Bxc6 {[%clk 0:59:33]} 26. Qc3 {[%clk 0:56:40]}  Kg8 {[%clk 0:55:35]} 27. Kf2 {[%clk 0:55:01]}  h5 {[%clk 0:54:43]} 28. h4 {[%clk 0:51:12]}  Bb5 {[%clk 0:50:21]} 29. Ng3 {[%clk 0:47:53]}  Ba6 {[%clk 0:46:15]} 30. e5 {[%clk 0:45:44]}  Qd8 {[%clk 0:45:15]} 31. Qb2 {[%clk 0:43:08]}  Bb7 {[%clk 0:43:28]} 32. Qc3 {[%clk 0:34:48]}  Qxh4 {[%clk 0:42:13]} 33. a4 {[%clk 0:29:07]}  Qd8 {[%clk 0:36:46]} 34. Qc4 {[%clk 0:24:54]}  Qc8 {[%clk 0:32:23]} 35. Qxc8+ {[%clk 0:23:13]}  Bxc8 {[%clk 0:32:37]} 36. Ne4 {[%clk 0:22:31]}  Kf8 {[%clk 0:30:27]} 37. g3 {[%clk 0:21:07]}  Bd7 {[%clk 0:24:55]} 38. Nc3 {[%clk 0:21:16]}  Bc6 {[%clk 0:25:10]} 39. f4 {[%clk 0:20:11]}  Ke7 {[%clk 0:25:27]} 40. Kg1 {[%clk 0:19:19]}  Kd7 {[%clk 0:16:41]} 41. Kf2 {[%clk 0:18:25]}  Bd5 {[%clk 0:15:03]} 42. Ke3 {[%clk 0:17:44]}  Bc4 {[%clk 0:14:38]} 43. Kd2 {[%clk 0:16:35]}  Kc6 {[%clk 0:14:52]} 44. Kc2 {[%clk 0:15:18]}  b5 {[%clk 0:15:06]} 45. axb5+ {[%clk 0:14:58]}  Bxb5 {[%clk 0:15:24]} 46. Kb3 {[%clk 0:12:54]}  Bd3 {[%clk 0:11:25]} 47. Ka4 {[%clk 0:11:17]}  Kb6 {[%clk 0:11:26]} 48. Kb3 {[%clk 0:10:51]}  Kc6 {[%clk 0:09:19]} 1/2-1/2

[Event "Amateur Tournament (ATO)"]
[Site "https://www.chess.com"]
[Date "2025.07.22"]
[Round "7"]
[White "Bangerter, Ena"]
[Black "Anetov, Aisultan"]
[Result "1-0"]
[Board "13"]
[WhiteFideId "1344102"]
[BlackFideId "13784943"]
[WhiteTitle "WCM"]
[WhiteElo "1852"]
[BlackElo "1584"]
[WhiteTeam "SUI"]
[BlackTeam "KAZ"]
[WhiteClock "0:09:34"]
[BlackClock "0:27:17"]
[Variant "Standard"]

1. d4 {[%clk 1:30:54]}  d5 {[%clk 1:27:47]} 2. Bf4 {[%clk 1:31:18]}  Nf6 {[%clk 1:28:10]} 3. e3 {[%clk 1:31:44]}  c5 {[%clk 1:28:32]} 4. c3 {[%clk 1:32:02]}  Nc6 {[%clk 1:28:55]} 5. Nd2 {[%clk 1:32:20]}  Bf5 {[%clk 1:28:43]} 6. Ngf3 {[%clk 1:32:33]}  Qb6 {[%clk 1:28:31]} 7. Nh4 {[%clk 1:30:48]}  e6 {[%clk 1:26:12]} 8. Nxf5 {[%clk 1:27:58]}  exf5 {[%clk 1:26:06]} 9. Qc2 {[%clk 1:25:38]}  g6 {[%clk 1:25:35]} 10. dxc5 {[%clk 1:23:39]}  Bxc5 {[%clk 1:25:54]} 11. Nb3 {[%clk 1:23:38]}  Bf8 {[%clk 1:22:04]} 12. Rd1 {[%clk 1:17:03]}  Bg7 {[%clk 1:21:56]} 13. Nd4 {[%clk 1:12:37]}  Nxd4 {[%clk 1:18:48]} 14. Rxd4 {[%clk 1:09:33]}  O-O {[%clk 1:18:47]} 15. Rb4 {[%clk 1:06:46]}  Qc6 {[%clk 1:17:06]} 16. Bb5 {[%clk 1:05:50]}  Qc5 {[%clk 1:16:54]} 17. Ba4 {[%clk 1:02:08]}  b6 {[%clk 1:12:48]} 18. O-O {[%clk 0:57:31]}  Rac8 {[%clk 1:11:08]} 19. Qd3 {[%clk 0:52:18]}  Nh5 {[%clk 0:50:22]} 20. Bg3 {[%clk 0:39:15]}  Nxg3 {[%clk 0:34:43]} 21. hxg3 {[%clk 0:39:28]}  Rfd8 {[%clk 0:32:35]} 22. Rd1 {[%clk 0:35:31]}  Qa5 {[%clk 0:25:52]} 23. Bb3 {[%clk 0:29:53]}  Qc5 {[%clk 0:23:41]} 24. Rb5 {[%clk 0:26:50]}  Qe7 {[%clk 0:23:58]} 25. Rxd5 {[%clk 0:25:59]}  Rxd5 {[%clk 0:23:46]} 26. Qxd5 {[%clk 0:26:16]}  h6 {[%clk 0:22:52]} 27. Qd7 {[%clk 0:24:02]}  Re8 {[%clk 0:23:14]} 28. Qa4 {[%clk 0:22:50]}  Rf8 {[%clk 0:19:29]} 29. Rd7 {[%clk 0:21:22]}  Qf6 {[%clk 0:19:36]} 30. Qxa7 {[%clk 0:20:41]}  g5 {[%clk 0:20:02]} 31. Qc7 {[%clk 0:19:23]}  b5 {[%clk 0:18:05]} 32. Qd6 {[%clk 0:18:17]}  Qxd6 {[%clk 0:14:35]} 33. Rxd6 {[%clk 0:18:40]}  b4 {[%clk 0:14:45]} 34. cxb4 {[%clk 0:17:33]}  Bxb2 {[%clk 0:15:01]} 35. Rd5 {[%clk 0:14:47]}  f4 {[%clk 0:14:34]} 36. gxf4 {[%clk 0:14:46]}  gxf4 {[%clk 0:15:01]} 37. exf4 {[%clk 0:15:03]}  Re8 {[%clk 0:14:01]} 38. Rf5 {[%clk 0:13:23]}  Re1+ {[%clk 0:12:51]} 39. Kh2 {[%clk 0:13:47]}  Re2 {[%clk 0:13:03]} 40. Bxf7+ {[%clk 0:11:47]}  Kg7 {[%clk 0:13:03]} 41. f3 {[%clk 0:12:02]}  Bd4 {[%clk 0:10:39]} 42. Bb3 {[%clk 0:08:00]}  Kg6 {[%clk 0:07:53]} 43. Rd5 {[%clk 0:03:56]}  Be3 {[%clk 0:07:45]} 44. Kg3 {[%clk 0:02:31]}  h5 {[%clk 0:07:04]} 45. Rg5+ {[%clk 0:29:17]}  Kh6 {[%clk 0:36:41]} 46. Bf7 {[%clk 0:26:10]}  Bf2+ {[%clk 0:36:41]} 47. Kh3 {[%clk 0:26:34]}  h4 {[%clk 0:36:56]} 48. b5 {[%clk 0:21:59]}  Rb2 {[%clk 0:32:26]} 49. Bb3 {[%clk 0:21:41]}  Rb1 {[%clk 0:31:19]} 50. Kg4 {[%clk 0:17:04]}  Rg1 {[%clk 0:30:55]} 51. Kf5 {[%clk 0:16:48]}  Rc1 {[%clk 0:30:51]} 52. Rg6+ {[%clk 0:13:58]}  Kh7 {[%clk 0:30:41]} 53. Rc6 {[%clk 0:09:40]}  Rg1 {[%clk 0:29:50]} 54. Rc7+ {[%clk 0:10:05]}  Kh8 {[%clk 0:27:25]} 55. Kg6 {[%clk 0:09:12]}  Rxg2+ {[%clk 0:27:17]} 56. Kh6 {[%clk 0:09:34]} 1-0

[Event "Amateur Tournament (ATO)"]
[Site "https://www.chess.com"]
[Date "2025.07.22"]
[Round "7"]
[White "Aegerter, Fabrice"]
[Black "Boyer, Jean-Francois"]
[Result "1-0"]
[Board "14"]
[WhiteFideId "1344854"]
[BlackFideId "650226"]
[WhiteElo "1922"]
[BlackElo "1743"]
[WhiteTeam "SUI"]
[BlackTeam "FRA"]
[WhiteClock "0:06:37"]
[BlackClock "0:09:41"]
[Variant "Standard"]

1. d4 {[%clk 1:30:48]}  d5 {[%clk 1:30:30]} 2. Nf3 {[%clk 1:30:36]}  Nf6 {[%clk 1:30:49]} 3. c4 {[%clk 1:30:27]}  c6 {[%clk 1:30:56]} 4. g3 {[%clk 1:30:27]}  dxc4 {[%clk 1:26:23]} 5. Bg2 {[%clk 1:30:10]}  b5 {[%clk 1:21:21]} 6. a4 {[%clk 1:28:05]}  Bb7 {[%clk 1:18:48]} 7. Ne5 {[%clk 1:26:29]}  Qc8 {[%clk 1:18:47]} 8. Nf3 {[%clk 1:26:29]}  Qd8 {[%clk 1:18:47]} 9. Ne5 {[%clk 1:26:29]}  Qc8 {[%clk 1:17:58]} 10. b3 {[%clk 1:16:07]}  e6 {[%clk 1:14:06]} 11. bxc4 {[%clk 1:12:48]}  bxc4 {[%clk 0:55:48]} 12. O-O {[%clk 1:09:12]}  Nbd7 {[%clk 0:53:23]} 13. Na3 {[%clk 0:57:27]}  c5 {[%clk 0:47:13]} 14. Bxb7 {[%clk 0:52:54]}  Qxb7 {[%clk 0:47:16]} 15. Rb1 {[%clk 0:50:42]}  Qa6 {[%clk 0:39:00]} 16. Nb5 {[%clk 0:49:24]}  Rc8 {[%clk 0:38:57]} 17. Nxd7 {[%clk 0:38:33]}  Nxd7 {[%clk 0:38:28]} 18. Bf4 {[%clk 0:38:50]}  Rc6 {[%clk 0:22:23]} 19. d5 {[%clk 0:33:14]}  exd5 {[%clk 0:22:46]} 20. Qxd5 {[%clk 0:33:34]}  Be7 {[%clk 0:22:25]} 21. Nc7+ {[%clk 0:31:42]}  Rxc7 {[%clk 0:22:06]} 22. Bxc7 {[%clk 0:32:00]}  Qc8 {[%clk 0:20:51]} 23. Bd6 {[%clk 0:30:06]}  Nb6 {[%clk 0:20:51]} 24. Qe5 {[%clk 0:28:12]}  Qe6 {[%clk 0:21:05]} 25. Qxe6 {[%clk 0:26:38]}  fxe6 {[%clk 0:21:28]} 26. Bxe7 {[%clk 0:26:53]}  Kxe7 {[%clk 0:21:27]} 27. a5 {[%clk 0:24:17]}  Nd5 {[%clk 0:19:34]} 28. Rb7+ {[%clk 0:18:03]}  Kf6 {[%clk 0:19:29]} 29. Rc1 {[%clk 0:16:38]}  c3 {[%clk 0:15:35]} 30. e4 {[%clk 0:16:45]}  Ke5 {[%clk 0:09:45]} 31. exd5 {[%clk 0:14:25]}  exd5 {[%clk 0:09:56]} 32. Re7+ {[%clk 0:14:21]}  Kd4 {[%clk 0:10:02]} 33. Re3 {[%clk 0:14:40]}  c4 {[%clk 0:09:34]} 34. Rexc3 {[%clk 0:13:54]}  Rb8 {[%clk 0:09:41]} 35. h4 {[%clk 0:06:37]} 1-0

[Event "Amateur Tournament (ATO)"]
[Site "https://www.chess.com"]
[Date "2025.07.22"]
[Round "7"]
[White "Pinelli, Gian"]
[Black "Navarini, Vincent"]
[Result "1/2-1/2"]
[Board "16"]
[WhiteFideId "1348710"]
[BlackFideId "1345249"]
[WhiteElo "1841"]
[BlackElo "1731"]
[WhiteTeam "SUI"]
[BlackTeam "SUI"]
[WhiteClock "0:01:31"]
[BlackClock "0:02:35"]
[Variant "Standard"]

1. d4 {[%clk 1:30:52]}  Nf6 {[%clk 1:16:37]} 2. c4 {[%clk 1:31:14]}  e6 {[%clk 1:17:03]} 3. Nc3 {[%clk 1:31:36]}  Bb4 {[%clk 1:17:30]} 4. Qc2 {[%clk 1:31:54]}  d6 {[%clk 1:17:45]} 5. Bg5 {[%clk 1:27:27]}  O-O {[%clk 1:16:24]} 6. Nf3 {[%clk 1:25:37]}  Nbd7 {[%clk 1:16:24]} 7. a3 {[%clk 1:18:33]}  Bxc3+ {[%clk 1:16:58]} 8. Qxc3 {[%clk 1:18:30]}  b6 {[%clk 1:16:17]} 9. Nd2 {[%clk 1:07:06]}  Bb7 {[%clk 1:10:57]} 10. f3 {[%clk 0:58:03]}  c5 {[%clk 1:05:48]} 11. Rd1 {[%clk 0:52:55]}  Qc7 {[%clk 0:58:17]} 12. e4 {[%clk 0:51:48]}  Rfe8 {[%clk 0:42:43]} 13. Be2 {[%clk 0:50:44]}  d5 {[%clk 0:33:00]} 14. cxd5 {[%clk 0:50:07]}  exd5 {[%clk 0:31:09]} 15. e5 {[%clk 0:46:36]}  h6 {[%clk 0:21:28]} 16. Be3 {[%clk 0:32:43]}  Nh7 {[%clk 0:15:04]} 17. f4 {[%clk 0:28:14]}  Rac8 {[%clk 0:15:03]} 18. O-O {[%clk 0:24:37]}  Nhf8 {[%clk 0:14:12]} 19. Rc1 {[%clk 0:19:36]}  Ne6 {[%clk 0:10:34]} 20. f5 {[%clk 0:16:55]}  cxd4 {[%clk 0:10:38]} 21. Bxd4 {[%clk 0:14:05]}  Qxc3 {[%clk 0:10:07]} 22. Bxc3 {[%clk 0:14:23]}  Ng5 {[%clk 0:08:34]} 23. Bb5 {[%clk 0:13:12]}  Bc6 {[%clk 0:07:38]} 24. Bxc6 {[%clk 0:12:22]}  Rxc6 {[%clk 0:08:06]} 25. Rce1 {[%clk 0:11:39]}  Nc5 {[%clk 0:07:32]} 26. Nf3 {[%clk 0:08:58]}  Nge4 {[%clk 0:06:10]} 27. Nd4 {[%clk 0:08:08]}  Rcc8 {[%clk 0:05:35]} 28. Nb5 {[%clk 0:06:05]}  a6 {[%clk 0:05:28]} 29. Nd6 {[%clk 0:05:40]}  Nxd6 {[%clk 0:05:26]} 30. exd6 {[%clk 0:06:05]}  Red8 {[%clk 0:04:34]} 31. f6 {[%clk 0:01:15]}  g6 {[%clk 0:05:02]} 32. Re7 {[%clk 0:01:07]}  Rxd6 {[%clk 0:04:41]} 33. Rc1 {[%clk 0:00:47]}  Ne4 {[%clk 0:04:10]} 34. Bd2 {[%clk 0:00:51]}  Nxf6 {[%clk 0:03:43]} 35. Bxh6 {[%clk 0:01:35]}  Rd7 {[%clk 0:03:31]} 36. Re2 {[%clk 0:01:34]}  Rdc7 {[%clk 0:02:47]} 37. Bf4 {[%clk 0:01:46]}  Ne4 {[%clk 0:02:50]} 38. Be5 {[%clk 0:01:14]}  f6 {[%clk 0:02:35]} 39. g3 {[%clk 0:01:31]} 1/2-1/2

[Event "Amateur Tournament (ATO)"]
[Site "https://www.chess.com"]
[Date "2025.07.22"]
[Round "7"]
[White "Nergard, Ole-Kristian"]
[Black "Rajendran, Ishaan"]
[Result "0-1"]
[Board "17"]
[WhiteFideId "1543156"]
[BlackFideId "39910032"]
[WhiteElo "1837"]
[BlackElo "1725"]
[WhiteTeam "NOR"]
[BlackTeam "USA"]
[WhiteClock "0:01:38"]
[BlackClock "0:01:55"]
[Variant "Standard"]

1. c4 {[%clk 1:14:48]}  Nf6 {[%clk 1:30:55]} 2. g3 {[%clk 1:15:16]}  c5 {[%clk 1:31:24]} 3. Bg2 {[%clk 1:15:17]}  d5 {[%clk 1:31:45]} 4. cxd5 {[%clk 1:15:12]}  Nxd5 {[%clk 1:31:45]} 5. Nf3 {[%clk 1:14:45]}  Nc6 {[%clk 1:32:23]} 6. Nc3 {[%clk 1:14:45]}  Nc7 {[%clk 1:32:40]} 7. O-O {[%clk 1:13:42]}  e5 {[%clk 1:33:03]} 8. a3 {[%clk 1:13:42]}  Be7 {[%clk 1:33:19]} 9. b4 {[%clk 1:13:13]}  cxb4 {[%clk 1:32:50]} 10. axb4 {[%clk 1:13:36]}  Bxb4 {[%clk 1:32:32]} 11. Nxe5 {[%clk 1:13:21]}  Nxe5 {[%clk 1:25:16]} 12. Qa4+ {[%clk 1:13:36]}  Nc6 {[%clk 1:25:08]} 13. Bxc6+ {[%clk 1:13:58]}  bxc6 {[%clk 1:25:30]} 14. Qxb4 {[%clk 1:14:15]}  Be6 {[%clk 1:11:12]} 15. Ba3 {[%clk 1:14:23]}  f6 {[%clk 1:07:05]} 16. Ne4 {[%clk 1:13:16]}  Nb5 {[%clk 1:03:33]} 17. Rfc1 {[%clk 1:06:34]}  a5 {[%clk 0:59:16]} 18. Qc5 {[%clk 1:04:54]}  Bd5 {[%clk 0:56:33]} 19. Nc3 {[%clk 1:04:09]}  Nxc3 {[%clk 0:53:40]} 20. Rxc3 {[%clk 1:00:57]}  Kf7 {[%clk 0:52:28]} 21. d3 {[%clk 0:58:19]}  Ra6 {[%clk 0:47:45]} 22. e4 {[%clk 0:55:30]}  Be6 {[%clk 0:47:26]} 23. Rb1 {[%clk 0:55:25]}  Qd7 {[%clk 0:46:15]} 24. f4 {[%clk 0:41:57]}  a4 {[%clk 0:43:57]} 25. Rb6 {[%clk 0:23:48]}  Rxb6 {[%clk 0:35:49]} 26. Qxb6 {[%clk 0:24:14]}  Rc8 {[%clk 0:32:48]} 27. f5 {[%clk 0:23:30]}  Ba2 {[%clk 0:32:02]} 28. Qc5 {[%clk 0:21:32]}  Kg8 {[%clk 0:30:32]} 29. Kf2 {[%clk 0:16:53]}  h5 {[%clk 0:25:33]} 30. Ke3 {[%clk 0:14:33]}  Bb3 {[%clk 0:24:42]} 31. Qd6 {[%clk 0:14:30]}  Qa7+ {[%clk 0:18:42]} 32. Qc5 {[%clk 0:14:13]}  Qd7 {[%clk 0:18:45]} 33. Qe7 {[%clk 0:08:50]}  Qxe7 {[%clk 0:14:47]} 34. Bxe7 {[%clk 0:09:16]}  Kf7 {[%clk 0:14:57]} 35. Bd6 {[%clk 0:07:37]}  Ke8 {[%clk 0:12:57]} 36. d4 {[%clk 0:04:46]}  Kd7 {[%clk 0:10:14]} 37. e5 {[%clk 0:05:03]}  Re8 {[%clk 0:03:45]} 38. Kf4 {[%clk 0:04:34]}  Bd5 {[%clk 0:02:15]} 39. Rc2 {[%clk 0:02:55]}  Ra8 {[%clk 0:01:50]} 40. Rc3 {[%clk 0:03:11]}  Ra7 {[%clk 0:01:33]} 41. Ra3 {[%clk 0:01:56]}  Bb3 {[%clk 0:01:35]} 42. Bc5 {[%clk 0:01:48]}  Rb7 {[%clk 0:01:07]} 43. h3 {[%clk 0:29:51]}  Ke8 {[%clk 0:25:42]} 44. g4 {[%clk 0:29:19]}  hxg4 {[%clk 0:24:31]} 45. hxg4 {[%clk 0:29:27]}  fxe5+ {[%clk 0:15:59]} 46. Kxe5 {[%clk 0:28:30]}  Bd1 {[%clk 0:13:59]} 47. g5 {[%clk 0:28:31]}  Rb3 {[%clk 0:10:24]} 48. Ra1 {[%clk 0:25:00]}  Bc2 {[%clk 0:07:12]} 49. f6 {[%clk 0:15:57]}  gxf6+ {[%clk 0:04:21]} 50. gxf6 {[%clk 0:14:33]}  Rb1 {[%clk 0:03:43]} 51. Ra2 {[%clk 0:10:54]}  Re1+ {[%clk 0:03:20]} 52. Kd6 {[%clk 0:10:53]}  Bb3 {[%clk 0:03:16]} 53. Rf2 {[%clk 0:10:30]}  Re6+ {[%clk 0:03:33]} 54. Kc7 {[%clk 0:10:36]}  Kf7 {[%clk 0:03:34]} 55. Be7 {[%clk 0:10:40]}  a3 {[%clk 0:02:54]} 56. Kd7 {[%clk 0:02:39]}  a2 {[%clk 0:01:42]} 57. Rf1 {[%clk 0:02:00]}  Bc2 {[%clk 0:01:24]} 58. Rg1 {[%clk 0:01:35]}  Bg6 {[%clk 0:01:05]} 59. Ra1 {[%clk 0:01:18]}  Bb1 {[%clk 0:01:01]} 60. Bd8 {[%clk 0:01:10]}  Re1 {[%clk 0:00:38]} 61. Kd6 {[%clk 0:01:04]}  Rd1 {[%clk 0:00:40]} 62. Kc5 {[%clk 0:01:08]}  Ke6 {[%clk 0:00:52]} 63. Be7 {[%clk 0:00:54]}  Rf1 {[%clk 0:00:39]} 64. Bd8 {[%clk 0:01:04]}  Rc1+ {[%clk 0:00:59]} 65. Kb4 {[%clk 0:01:06]}  Kd5 {[%clk 0:01:16]} 66. Be7 {[%clk 0:01:06]}  Rf1 {[%clk 0:01:01]} 67. Kc3 {[%clk 0:01:24]}  Rf2 {[%clk 0:00:47]} 68. Bd8 {[%clk 0:00:59]}  Rf3+ {[%clk 0:01:01]} 69. Kd2 {[%clk 0:01:03]}  Kxd4 {[%clk 0:01:15]} 70. Be7 {[%clk 0:01:21]}  c5 {[%clk 0:01:09]} 71. Bd8 {[%clk 0:01:22]}  c4 {[%clk 0:01:14]} 72. Bb6+ {[%clk 0:01:18]}  Ke4 {[%clk 0:01:31]} 73. Bd8 {[%clk 0:01:16]}  c3+ {[%clk 0:01:54]} 74. Ke2 {[%clk 0:01:25]}  c2 {[%clk 0:02:03]} 75. f7 {[%clk 0:01:38]}  c1=Q {[%clk 0:01:55]} 0-1

[Event "Amateur Tournament (ATO)"]
[Site "https://www.chess.com"]
[Date "2025.07.22"]
[Round "7"]
[White "Runge, Bernd"]
[Black "Rubeck, Jonathan"]
[Result "0-1"]
[Board "19"]
[WhiteFideId "533024090"]
[BlackFideId "435678"]
[WhiteElo "1642"]
[BlackElo "1832"]
[WhiteTeam "GER"]
[BlackTeam "ENG"]
[WhiteClock "0:27:11"]
[BlackClock "1:15:11"]
[Variant "Standard"]

1. Nf3 {[%clk 1:30:16]}  Nf6 {[%clk 1:30:30]} 2. e3 {[%clk 1:30:16]}  g6 {[%clk 1:30:45]} 3. b3 {[%clk 1:30:17]}  Bg7 {[%clk 1:31:06]} 4. Bb2 {[%clk 1:30:41]}  O-O {[%clk 1:31:30]} 5. c4 {[%clk 1:30:34]}  d6 {[%clk 1:31:29]} 6. Be2 {[%clk 1:30:06]}  e5 {[%clk 1:31:34]} 7. d3 {[%clk 1:28:43]}  Nc6 {[%clk 1:31:31]} 8. Nc3 {[%clk 1:27:31]}  Re8 {[%clk 1:29:02]} 9. O-O {[%clk 1:27:42]}  Nd7 {[%clk 1:28:48]} 10. Nd2 {[%clk 1:15:36]}  f5 {[%clk 1:28:02]} 11. f4 {[%clk 1:15:36]}  exf4 {[%clk 1:21:13]} 12. exf4 {[%clk 1:08:55]}  Nd4 {[%clk 1:18:59]} 13. Re1 {[%clk 0:52:01]}  Nc5 {[%clk 1:10:47]} 14. Nf3 {[%clk 0:46:05]}  Nxf3+ {[%clk 1:07:01]} 15. gxf3 {[%clk 0:46:22]}  Bd4+ {[%clk 1:01:51]} 16. Kh1 {[%clk 0:43:49]}  Bd7 {[%clk 0:59:26]} 17. Na4 {[%clk 0:41:28]}  Qf6 {[%clk 0:57:33]} 18. Bxd4 {[%clk 0:31:30]}  Qxd4 {[%clk 0:56:33]} 19. Nxc5 {[%clk 0:31:45]}  dxc5 {[%clk 0:56:49]} 20. Kg2 {[%clk 0:20:21]}  Qxf4 {[%clk 0:56:15]} 21. Qc1 {[%clk 0:18:35]}  Re3 {[%clk 0:55:05]} 22. Bd1 {[%clk 0:14:02]}  Rae8 {[%clk 0:54:50]} 23. Rxe3 {[%clk 0:13:27]}  Qxe3 {[%clk 0:54:09]} 24. Qxe3 {[%clk 0:13:42]}  Rxe3 {[%clk 0:54:35]} 25. Kf2 {[%clk 0:13:47]}  Rxd3 {[%clk 0:54:44]} 26. Ke2 {[%clk 0:13:28]}  Rd4 {[%clk 0:54:50]} 27. Bc2 {[%clk 0:09:47]}  Kf7 {[%clk 0:53:19]} 28. Rd1 {[%clk 0:08:11]}  Kf6 {[%clk 0:50:15]} 29. Ke3 {[%clk 0:08:09]}  f4+ {[%clk 0:50:04]} 30. Ke2 {[%clk 0:07:14]}  Ke5 {[%clk 0:47:51]} 31. Rg1 {[%clk 0:05:44]}  Kf6 {[%clk 0:47:37]} 32. Be4 {[%clk 0:02:38]}  c6 {[%clk 0:47:40]} 33. h4 {[%clk 0:02:22]}  Rd6 {[%clk 0:44:26]} 34. Rg5 {[%clk 0:02:14]}  b6 {[%clk 0:44:35]} 35. Rg1 {[%clk 0:01:58]}  Bf5 {[%clk 0:42:13]} 36. Bxf5 {[%clk 0:00:51]}  Kxf5 {[%clk 0:42:31]} 37. Rg5+ {[%clk 0:01:08]}  Kf6 {[%clk 0:42:39]} 38. Rg4 {[%clk 0:01:29]}  Rd4 {[%clk 0:42:56]} 39. Rg5 {[%clk 0:01:34]}  h6 {[%clk 0:43:07]} 40. Rg1 {[%clk 0:01:21]}  b5 {[%clk 0:42:34]} 41. cxb5 {[%clk 0:00:50]}  cxb5 {[%clk 0:42:54]} 42. Rc1 {[%clk 0:30:28]}  c4 {[%clk 1:13:04]} 43. bxc4 {[%clk 0:29:52]}  Rxc4 {[%clk 1:13:27]} 44. Rb1 {[%clk 0:29:30]}  a6 {[%clk 1:13:45]} 45. Kd3 {[%clk 0:29:39]}  g5 {[%clk 1:13:59]} 46. hxg5+ {[%clk 0:29:07]}  hxg5 {[%clk 1:14:20]} 47. Rh1 {[%clk 0:29:17]}  Ra4 {[%clk 1:14:36]} 48. Rh2 {[%clk 0:28:10]}  Ke5 {[%clk 1:14:44]} 49. Rh5 {[%clk 0:27:00]}  Ra3+ {[%clk 1:15:01]} 50. Kc2 {[%clk 0:27:11]}  Kf5 {[%clk 1:15:11]} 0-1

[Event "Amateur Tournament (ATO)"]
[Site "https://www.chess.com"]
[Date "2025.07.22"]
[Round "7"]
[White "Heitmann, Erik"]
[Black "Srirasa, Srisaaru"]
[Result "1-0"]
[Board "20"]
[WhiteFideId "34608940"]
[BlackFideId "1374036"]
[WhiteElo "1821"]
[BlackElo "1400"]
[WhiteTeam "GER"]
[BlackTeam "SUI"]
[WhiteClock "0:53:35"]
[BlackClock "0:01:32"]
[Variant "Standard"]

1. d4 {[%clk 1:30:56]}  d5 {[%clk 1:30:53]} 2. c4 {[%clk 1:31:23]}  e6 {[%clk 1:31:18]} 3. Nc3 {[%clk 1:31:49]}  Nf6 {[%clk 1:31:30]} 4. Bg5 {[%clk 1:32:11]}  Be7 {[%clk 1:30:44]} 5. e3 {[%clk 1:32:22]}  h6 {[%clk 1:30:57]} 6. Bh4 {[%clk 1:32:47]}  b6 {[%clk 1:23:35]} 7. Nf3 {[%clk 1:32:17]}  Bb7 {[%clk 1:17:26]} 8. cxd5 {[%clk 1:32:12]}  exd5 {[%clk 1:12:46]} 9. Be2 {[%clk 1:31:28]}  Nbd7 {[%clk 1:10:01]} 10. O-O {[%clk 1:30:46]}  Ne4 {[%clk 1:05:44]} 11. Bxe7 {[%clk 1:30:37]}  Qxe7 {[%clk 1:06:08]} 12. Rc1 {[%clk 1:29:23]}  Nxc3 {[%clk 0:56:33]} 13. Rxc3 {[%clk 1:26:51]}  Rc8 {[%clk 0:54:53]} 14. Qa4 {[%clk 1:25:25]}  a6 {[%clk 0:44:51]} 15. Rfc1 {[%clk 1:19:06]}  b5 {[%clk 0:41:32]} 16. Bxb5 {[%clk 1:07:16]}  axb5 {[%clk 0:38:33]} 17. Qxb5 {[%clk 1:06:52]}  Rb8 {[%clk 0:31:31]} 18. Rxc7 {[%clk 1:06:16]}  O-O {[%clk 0:01:48]} 19. Rxd7 {[%clk 1:02:34]}  Qe8 {[%clk 0:01:21]} 20. Rcc7 {[%clk 0:53:35]}  Bc6 {[%clk 0:01:32]} 1-0